| 000 | 00734nam a22002297a 4500 | ||
|---|---|---|---|
| 005 | 20170124110101.0 | ||
| 010 | _aB-019808 | ||
| 020 |
_c400.00 _a8170173876 |
||
| 035 | _aB-019808 | ||
| 037 | _bCen Lib/Ret | ||
| 040 |
_aDPL _bEN |
||
| 082 |
_a921 _bDAS |
||
| 100 |
_aDas, S. C _9105515 |
||
| 245 |
_aBharat kesri Dr. Syama Prasad Mookerjee with modern implications / _cby S. C. Das |
||
| 260 |
_aNew Delhi _bAbhinav Publications _c2000 |
||
| 270 |
_aE-37, Hauz Khas _bNew Delhi _e110016 |
||
| 300 |
_a280p. _c22cm(Hb) |
||
| 500 | _aIncludes index | ||
| 650 |
_aMukhopādhyāẏa, Śyāmāprasāda, -- 1901-1953 _9105516 |
||
| 650 |
_aPoliticians -- India -- Biography _926655 |
||
| 942 |
_2ddc _cEN _h921 _mDAS |
||
| 999 |
_c129698 _d129698 |
||